Most common boy & girl names :UK,USA,Auz,France,Spain & more - Statistics

General Stats
  • This quiz has been taken 32 times
  • The average score is 4 of 18
Answer Stats
Hint Answer % Correct
USA/Canada FM Emma
48%
Brazil FM Maria
45%
UK FM Olivia
45%
Italy FM Sofia
45%
Russia FM Sofia
45%
Brazil M Jose
34%
UK M Oliver
34%
Auz/NZ M Oliver
34%
Auz/NZ FM Charlotte
24%
USA/Canada M Liam
21%
France FM Louise
10%
Spain FM Lucia
10%
Spain M Hugo
7%
Russia M Alexander
3%
Italy M Francesco
3%
France M Gabriel
3%
South Africa M Junior
0%
South Africa FM Precious
0%
No matching quizzes found
Score Distribution
Percent of People with Each Score
Percentile by Number Answered
Your Score History
You have not taken this quiz